Normal view
MARC view
- سماره، زهير محمد
Entry Personal Name
001 - CONTROL NUMBER
- control field: 51269
003 - CONTROL NUMBER IDENTIFIER
- control field: JO-AjAnu
005 - DATE AND TIME OF LATEST TRANSACTION
- control field: 20230606082432.0
008 - FIXED-LENGTH DATA ELEMENTS
- fixed length control field: 230606|| aca||aabn | a|a d
040 ## - CATALOGING SOURCE
- Original cataloging agency: JO-AjAnu
- Transcribing agency: JO-AjAnu
100 ## - HEADING--PERSONAL NAME
- Personal name: سماره، زهير محمد
670 ## - SOURCE DATA FOUND
- Source citation: Work cat.: (JO-AjAnu)26203: سماره، زهير محمد , author, دليل صناعة المواد الانشائية المنتجات وخواصها